<?xml version="1.0" encoding="UTF-8"?>
<record
    xmlns:xsi="http://www.w3.org/2001/XMLSchema-instance"
    xsi:schemaLocation="http://www.loc.gov/MARC21/slim http://www.loc.gov/standards/marcxml/schema/MARC21slim.xsd"
    xmlns="http://www.loc.gov/MARC21/slim">

  <leader>01416nam a22002417a 4500</leader>
  <datafield tag="952" ind1=" " ind2=" ">
    <subfield code="0">0</subfield>
    <subfield code="1">0</subfield>
    <subfield code="2">lcc</subfield>
    <subfield code="4">0</subfield>
    <subfield code="7">0</subfield>
    <subfield code="a">09</subfield>
    <subfield code="b">09</subfield>
    <subfield code="d">2013-06-21</subfield>
    <subfield code="l">6</subfield>
    <subfield code="o">KGF1980  F47</subfield>
    <subfield code="p">09 001902</subfield>
    <subfield code="r">2017-08-02</subfield>
    <subfield code="s">2017-07-31</subfield>
    <subfield code="t">1</subfield>
    <subfield code="w">2013-06-21</subfield>
    <subfield code="y">LB</subfield>
  </datafield>
  <datafield tag="952" ind1=" " ind2=" ">
    <subfield code="0">0</subfield>
    <subfield code="1">0</subfield>
    <subfield code="2">lcc</subfield>
    <subfield code="4">0</subfield>
    <subfield code="7">0</subfield>
    <subfield code="a">20</subfield>
    <subfield code="b">20</subfield>
    <subfield code="d">2018-05-15</subfield>
    <subfield code="l">2</subfield>
    <subfield code="o">KGF1980 F47 2011</subfield>
    <subfield code="p">20 001722</subfield>
    <subfield code="r">2019-07-01</subfield>
    <subfield code="s">2019-07-01</subfield>
    <subfield code="t">1</subfield>
    <subfield code="w">2018-05-15</subfield>
    <subfield code="y">LB</subfield>
  </datafield>
  <datafield tag="952" ind1=" " ind2=" ">
    <subfield code="0">0</subfield>
    <subfield code="1">0</subfield>
    <subfield code="2">lcc</subfield>
    <subfield code="4">0</subfield>
    <subfield code="7">0</subfield>
    <subfield code="a">08</subfield>
    <subfield code="b">08</subfield>
    <subfield code="d">2018-12-05</subfield>
    <subfield code="l">0</subfield>
    <subfield code="o">KGF1980 F47 2005</subfield>
    <subfield code="p">08 004757</subfield>
    <subfield code="r">2018-12-05</subfield>
    <subfield code="t">2</subfield>
    <subfield code="w">2018-12-05</subfield>
    <subfield code="y">LB</subfield>
  </datafield>
  <datafield tag="999" ind1=" " ind2=" ">
    <subfield code="c">90047</subfield>
    <subfield code="d">90047</subfield>
  </datafield>
  <controlfield tag="008">130621t2011    mx ||||| |||| 00| 0 spa d</controlfield>
  <datafield tag="020" ind1=" " ind2=" ">
    <subfield code="a">9786071706270</subfield>
  </datafield>
  <datafield tag="050" ind1=" " ind2=" ">
    <subfield code="a">KGF1980</subfield>
    <subfield code="b">F47 2011</subfield>
  </datafield>
  <datafield tag="100" ind1=" " ind2=" ">
    <subfield code="a">Fern&#xE1;ndez Ru&#xED;z, Silvestre</subfield>
    <subfield code="e">autor</subfield>
  </datafield>
  <datafield tag="245" ind1=" " ind2=" ">
    <subfield code="a">Prestaciones y servicios del IMSS</subfield>
    <subfield code="b"> : c&#xE1;lculo y procedimientos</subfield>
    <subfield code="c">/ Silvestre Fern&#xE1;ndez Ru&#xED;z</subfield>
  </datafield>
  <datafield tag="250" ind1=" " ind2=" ">
    <subfield code="a">5a edici&#xF3;n</subfield>
  </datafield>
  <datafield tag="260" ind1=" " ind2=" ">
    <subfield code="a">M&#xE9;xico</subfield>
    <subfield code="b"> : Trillas</subfield>
    <subfield code="c"> , 2011</subfield>
  </datafield>
  <datafield tag="300" ind1=" " ind2=" ">
    <subfield code="a">361 p&#xE1;ginas</subfield>
    <subfield code="b">: il., formas.</subfield>
    <subfield code="c">; 23 cm.</subfield>
  </datafield>
  <datafield tag="500" ind1=" " ind2=" ">
    <subfield code="a">Incluye:
Introducci&#xF3;n
Agradecimientos
&#xCD;ndice de contenido
Abreviaturas
Organigrama del Instituto Mexicano del Seguro Social y de una delegaci&#xF3;n
Estructura de la Ley del Seguro Social
Glosario</subfield>
  </datafield>
  <datafield tag="500" ind1=" " ind2=" ">
    <subfield code="a">Contiene las &#xFA;ltimas modificaciones de la Ley del Seguro Social</subfield>
  </datafield>
  <datafield tag="505" ind1=" " ind2=" ">
    <subfield code="a">S&#xED;ntesis de las prestaciones y servicios que otorga la Ley del Seguro Social
F&#xF3;rmulas para calcular salario base de cotizaci&#xF3;n, prestaciones en dinero, grado de riesgo y liquidaci&#xF3;n de cuotas obrero-patronales
Formas e instrucciones de llenado
Manual SUA 2000
T&#xF3;picos actuales de Seguridad Social</subfield>
  </datafield>
  <datafield tag="519" ind1=" " ind2=" ">
    <subfield code="a">Educaci&#xF3;n Mixta / </subfield>
    <subfield code="b">Derecho / </subfield>
    <subfield code="c">Derecho de la Seguridad Social (P22) / </subfield>
    <subfield code="d">(20 001722)</subfield>
  </datafield>
  <datafield tag="519" ind1=" " ind2=" ">
    <subfield code="a">Educaci&#xF3;n Mixta /</subfield>
    <subfield code="b">Derecho /</subfield>
    <subfield code="c">Derecho de la seguridad social (P22-3) /</subfield>
    <subfield code="d">(08 004757)</subfield>
  </datafield>
  <datafield tag="650" ind1=" " ind2="0">
    <subfield code="a">SEGURIDAD SOCIAL</subfield>
  </datafield>
  <datafield tag="650" ind1=" " ind2="0">
    <subfield code="a">LEY DEL SEGURO SOCIAL</subfield>
  </datafield>
  <datafield tag="650" ind1=" " ind2="0">
    <subfield code="a">IMSS</subfield>
    <subfield code="x">PRESTACI&#xD3;N DE SERVICIOS</subfield>
  </datafield>
  <datafield tag="942" ind1=" " ind2=" ">
    <subfield code="c">LB</subfield>
    <subfield code="2">lcc</subfield>
  </datafield>
</record>
